| 000 | 00769nam a2200253Ia 4500 | ||
|---|---|---|---|
| 003 | OSt | ||
| 005 | 20221005040636.0 | ||
| 006 | a|||||r|||| 00| 0 | ||
| 007 | ta | ||
| 008 | 221004b |||||||| |||| 00| 0 san d | ||
| 020 |
_a8170816920 (hbk) _c600 |
||
| 024 | _a25937 | ||
| 037 |
_b371, 08/03/2016, Eastern Book Linkers _cTextual |
||
| 040 |
_aCRL _cCRL _bsan |
||
| 041 |
_2san _asan |
||
| 082 | _aY:1.2, 15Q4 | ||
| 100 |
_aShastri Ashoka Chandra Gaur _9468681 |
||
| 245 | 0 | _aBhartiya sanskrti tattvavimarshah | |
| 260 |
_aDelhi _bNag Publishers India _c2014 |
||
| 300 |
_a672p. _ccm. |
||
| 650 | _aSOCIOLOGY | ||
| 942 |
_hY:1.2, 15Q4 _cTEXL _2cc |
||
| 999 |
_c947195 _d947195 |
||